[Event "3rd Vergani Cup 2018"]
[Site "Montebelluna"]
[Date "2019.01.02"]
[Round "?"]
[White "Di Benedetto, Desiree"]
[Black "Bernadskiy, Vitaliy"]
[Result "0-1"]
[WhiteElo "2271"]
[BlackElo "2547"]
[Annotator "TA"]
[PlyCount "74"]
[EventDate "2018.12.27"]
[EventType "swiss"]
[EventCountry "ITA"]

{[%evp 17,74,-1,-1,-24,0,0,0,0,-5,-6,0,-86,-86,-86,-78,-81,-83,-77,-80,-81,-81,-159,-157,-162,-166,-154,-158,-156,-139,-148,-148,-143,-150,-172,-184,-181,-164,-200,-202,-192,-187,-195,-203,-222,-218,-214,-174,-170,-171,-223,-223,-216,-210,-308,-294,-408,-390,-410,-405]} 1. d4 Nf6 2. Nf3 g6 3. Bg5 Bg7 4. Nbd2 O-O 5. c3 d6 6. e4 c5 7. dxc5 dxc5 8. Bc4 Nc6 9. h3 {A48: 1 d4 Nf6 2 Nf3 g6: Torre, London and Colle Systems} (9. Qe2 Qc7 10. O-O h6 11. Bxf6 Bxf6 12. Qe3 Bg7 13. Qxc5 b6 14. Qe3 Bb7 15. Rfd1 e6 16. Be2 Rfd8 17. Nf1 a6 18. h4 b5 19. N1h2 Rxd1+ 20. Rxd1 {1-0 (35) Harikrishna,P (2744)-Duda,J (2717) Riadh 2017}) 9... Qc7 {LiveBook: 10 Games} 10. Be3 $146 ({Predecessor:} 10. O-O Na5 11. Be2 Rd8 12. Qc2 Be6 13. Rfe1 Rac8 14. Be3 h6 15. Rad1 a6 16. Nb3 Nxb3 17. axb3 Nd7 18. Rd2 {1-0 (44) Razin,V (2345)-Nedilko,V (2397) Minsk 2015}) 10... Na5 11. Be2 {The position is equal.} Rd8 12. Qc2 Nh5 13. Nc4 Nc6 14. Bxc5 (14. O-O $11) 14... Nf4 $1 $17 {[%cal Rf4g2]} 15. Ne3 Nxe2 16. Qxe2 Qa5 17. Qc4 Be6 {[%mdl 1024] Black has strong compensation.} 18. Nd5 Rac8 $1 {White must now prevent ...Bxd5.} 19. b4 {[#]} (19. O-O $142) 19... Qa4 $1 {Hoping for ...b6.} 20. O-O b6 $36 {[%mdl 2048] Black has strong initiative.} 21. Be3 Bxd5 22. exd5 Nd4 $1 {[%cal Rd4f3]} 23. Qd3 Nxf3+ 24. gxf3 Bxc3 25. Rab1 Qxa2 26. Rfd1 Bf6 27. b5 Rc3 28. Qe4 Rc4 {[%cal Bc3c4,Bc4h4,Bh4h5,Bh5d5,Bd5b5][%mdl 32]} 29. Qd3 Rh4 30. Kg2 Rh5 31. Rd2 Qa4 ({Don't take} 31... Rhxd5 32. Rxa2 Rxd3 33. Rxa7 $15) 32. Qe4 Qa3 33. f4 (33. Rb4 $142) 33... Qd6 $19 34. Qf3 Rxd5 35. Rc2 (35. Rbd1 $142 e6 {[#]} 36. f5 $1 {[%mdl 512]}) 35... Qd7 36. Rc6 Qf5 37. Rbc1 Rxb5 {Accuracy: White = 56%, Black = 85%.} 0-1

[Event "3rd Vergani Cup 2018"]
[Site "Montebelluna"]
[Date "2019.01.02"]
[Round "?"]
[White "Seresin, Francesco"]
[Black "Ajay Krishna, S."]
[Result "1-0"]
[WhiteElo "2258"]
[BlackElo "2289"]
[PlyCount "42"]
[EventDate "2018.12.27"]
[EventType "swiss"]
[EventCountry "ITA"]
[TimeControl "5400+30"]
[WhiteClock "1:01:08"]
[BlackClock "0:36:25"]

1. d4 {[%emt 0:02:05]} c5 {[%emt 0:00:16]} 2. d5 {[%emt 0:01:21]} e6 {[%emt 0:00:21]} 3. c4 {[%emt 0:01:22]} b5 {[%emt 0:00:38]} 4. cxb5 {[%emt 0:01:09]} Nf6 {[%emt 0:00:39]} 5. Nc3 {[%emt 0:00:22]} a6 {[%emt 0:03:15]} 6. e3 {[%emt 0:03:03]} exd5 {[%emt 0:04:38]} 7. Nxd5 {[%emt 0:02:50]} Bb7 {[%emt 0:00:25]} 8. Nxf6+ {[%emt 0:01:54]} Qxf6 {[%emt 0:00:24]} 9. Nf3 {[%emt 0:02:37]} Be7 {[%emt 0:00:53]} 10. bxa6 {[%emt 0:01:48]} Nxa6 {[%emt 0:00:09]} 11. Be2 {[%emt 0:02:27]} Nb4 {[%emt 0:01:51]} 12. a3 {[%emt 0:13:12]} Be4 {[%emt 0:11:31]} 13. O-O {[%emt 0:01:56]} Nc2 {[%emt 0:06:25]} 14. Rb1 {[%emt 0:01:12]} Nb4 {[%emt 0:00:06]} 15. Ra1 {[%emt 0:00:14]} Bc2 {[%emt 0:00:28]} 16. axb4 {[%emt 0:07:44]} Bxd1 {[%emt 0:00:34]} 17. Rxa8+ {[%emt 0:00:14]} Bd8 {[%emt 0:00:01]} 18. Rxd1 {[%emt 0:02:02]} cxb4 {[%emt 0:00:14]} 19. b3 {[%emt 0:13:19]} O-O {[%emt 0:01:03]} 20. Rd3 {[%emt 0:39:09]} d5 21. Rxd5 {[%emt 0:00:00]} Be7 {[%emt 0:05:31]} 1-0

[Event "3rd Vergani Cup 2018"]
[Site "Montebelluna"]
[Date "2019.01.02"]
[Round "?"]
[White "Seresin, Francesco"]
[Black "Ter-Sahakyan, Samvel"]
[Result "0-1"]
[WhiteElo "2258"]
[BlackElo "2574"]
[Annotator "TA"]
[PlyCount "100"]
[EventDate "2018.12.27"]
[EventType "swiss"]
[EventCountry "ITA"]

{[%evp 13,100,7,38,36,14,16,66,87,61,-49,-58,-52,-34,-23,-27,-55,0,0,0,0,0,0,0,-18,-10,-4,0,0,22,-27,-27,-32,-21,-33,-26,-20,-11,-27,0,-32,-32,-38,-46,-68,-60,-67,-63,-100,-65,-82,-81,-69,-35,-125,-106,-100,-98,-100,-98,-118,-107,-112,-104,-107,-89,-91,-93,-141,-131,-132,-131,-266,-245,-255,-217,-182,-191,-371,-381,-400,-325,-369,-342,-374,-374,-390,-357,-597,-591]} 1. d4 Nf6 2. c4 e6 3. Nc3 Bb4 4. Qc2 b6 5. Bg5 Bb7 6. e3 h6 {E32: Nimzo-Indian: Classical (4 Qc2): 4...0-0} 7. Bh4 c5 {LiveBook: 4 Games} 8. dxc5 bxc5 {White is slightly better.} 9. a3 $146 ({Predecessor:} 9. Nf3 g5 10. Bg3 Ne4 11. Bd3 Nxg3 12. hxg3 Qf6 13. O-O Bxc3 14. bxc3 {½-½ (24) Kharitonov,A (2566)-Teran Alvarez,I (2377) Santa Cruz de La Palma 2018}) 9... Qa5 10. Bxf6 gxf6 11. Rc1 ({White should try} 11. Nge2 $1 $14) 11... Bxc3+ $1 $15 12. Qxc3 Nc6 13. Ne2 Ke7 14. Nf4 Rab8 (14... Qxc3+ $15 15. Rxc3 a5) 15. Qxa5 $11 Nxa5 16. b4 $1 {[%cal Rb4a5]} Nc6 17. b5 Ne5 18. Be2 a6 19. a4 axb5 20. cxb5 Rhc8 21. Kd2 Ra8 22. Ra1 {Threatening a5.} Ra5 $1 23. Rhc1 d6 {[%cal Bd7d6,Bd6d5][%mdl 32]} 24. f3 Nd7 25. Nd3 Nb6 26. Bd1 f5 27. Nb2 d5 28. Bc2 h5 29. g3 Kd6 30. Re1 c4 {[#] Threatens to win with ...c3+.} 31. Nd1 Kc5 32. Nc3 Rg8 33. Ne2 (33. f4 $1 $15) 33... Rga8 {[%cal Rb6a4]} 34. Nc3 Bc8 35. f4 Bd7 36. h3 f6 37. Rf1 Rg8 38. Ne2 Nc8 39. Rab1 Nd6 40. Kc3 e5 41. Rfd1 Be6 42. b6 (42. Kd2 $17) 42... Rb8 43. Rb4 Rxb6 44. Rxb6 Kxb6 45. Rb1+ $2 (45. Kb4) 45... Kc5 $19 46. Rb8 Ne4+ 47. Bxe4 fxe4 48. fxe5 fxe5 49. Re8 Kd6 50. Kb4 $2 {[#]} (50. Kc2 {was necessary.}) 50... Rxa4+ $1 {[%mdl 512] Accuracy: White = 46%, Black = 69%.} 0-1

[Event "3rd Vergani Cup 2018"]
[Site "Montebelluna"]
[Date "2019.01.02"]
[Round "?"]
[White "Lumachi, Gabriele"]
[Black "Shyam, Sundar M."]
[Result "0-1"]
[WhiteElo "2254"]
[BlackElo "2509"]
[Annotator "TA"]
[PlyCount "88"]
[EventDate "2018.12.27"]
[EventType "swiss"]
[EventCountry "ITA"]

{[%evp 9,88,-7,38,-17,-22,-13,-21,-25,-9,-12,0,-91,-93,-92,-92,-82,-89,-79,-89,-82,-93,-103,-100,-171,-157,-190,-190,-218,-209,-258,-254,-250,-241,-246,-237,-247,-242,-241,-228,-239,-195,-304,-306,-289,-295,-310,-279,-264,-239,-276,-263,-261,-258,-275,-274,-275,-272,-279,-275,-285,-285,-285,-285,-306,-306,-306,-305,-299,-264,-278,-268,-305,-303,-347,-335,-377,-370,-403,-400,-385,-392]} 1. d4 Nf6 2. Bf4 g6 3. Nc3 d5 (3... c5 4. dxc5 Qa5 5. a3 Qxc5 6. e4 Bg7 7. Nf3 d6 8. h3 O-O 9. Qd2 b6 10. O-O-O Bb7 11. Be3 {1-0 (48) Nabaty,T (2692)-Almasi,Z (2702) Batumi 2018}) 4. e3 Bg7 5. h4 c5 {LiveBook: 34 Games} 6. Be2 {A45: Trompowsky Attack} (6. Nb5 $14 Na6 7. Be2) 6... Nc6 7. h5 {[#] Threatens to win with h6.} O-O 8. Qd2 $146 {The position is equal.} ({Predecessor:} 8. hxg6 fxg6 9. Bh6 Bxh6 10. Rxh6 cxd4 11. exd4 {0-1 (38) Turzo,A (2306)-Ilincic,Z (2436) Budapest 2017}) 8... Bf5 9. hxg6 Bxg6 10. Bf3 (10. Rd1 $11) 10... cxd4 $17 11. exd4 Qb6 12. Nge2 Qxb2 13. Rb1 Qxc2 14. Qxc2 Bxc2 15. Rxb7 e6 16. Nb5 (16. O-O $17 {was necessary.}) 16... Bd3 $19 {White must now prevent ...Na5.} 17. a4 a6 18. Nbc3 Rfc8 19. Rh3 Bg6 20. Nd1 Ne8 21. Bh5 Nxd4 ({Not} 21... Bxd4 22. Nxd4 Nxd4 23. Bxg6 $17) 22. Bxg6 hxg6 23. Nxd4 Bxd4 24. Rhb3 Bg7 25. Rd7 (25. f3 $142) 25... Nf6 26. Rc7 Ne4 27. Rxc8+ Rxc8 28. Rb6 Nc5 {[#] aiming for ...Nd3+.} 29. Bd6 Nxa4 30. Rxa6 Nc5 31. Bxc5 Rxc5 {[%mdl 4096] Endgame KRB-KRN} 32. Ra8+ Bf8 33. Ne3 Kg7 34. Rd8 Rc7 35. Ke2 Bc5 36. Ng4 Ra7 37. Rc8 Bd6 38. Rc6 Ra4 39. Ne3 Be5 40. g3 g5 41. Rc8 Bd4 42. Nc2 g4 {Black is winning.} 43. f3 gxf3+ 44. Kxf3 Be5 {Accuracy: White = 45%, Black = 74%.} 0-1

[Event "3rd Vergani Cup 2018"]
[Site "Montebelluna"]
[Date "2019.01.02"]
[Round "?"]
[White "Gallana, Marco"]
[Black "Velten, Paul"]
[Result "0-1"]
[WhiteElo "2247"]
[BlackElo "2485"]
[Annotator "RC"]
[PlyCount "88"]
[EventDate "2018.12.27"]
[EventType "swiss"]
[EventCountry "ITA"]
[TimeControl "5400+30"]
[WhiteClock "0:50:42"]
[BlackClock "0:00:31"]

1. d4 {[%emt 0:00:00]} d5 {[%emt 0:00:26]} 2. Nf3 {[%emt 0:00:00]} Nf6 {[%emt 0:00:15]} 3. c4 {[%emt 0:00:03]} dxc4 {[%emt 0:00:10]} 4. e3 {[%emt 0:01:10]} Bg4 {[%emt 0:00:08]} 5. Bxc4 {[%emt 0:00:22]} e6 {[%emt 0:00:29]} 6. Nc3 {[%emt 0:00:56]} Nc6 {[%emt 0:00:41]} 7. h3 {[%emt 0:05:00]} Bh5 {[%emt 0:00:12]} 8. a3 {[%emt 0:00:46]} Bd6 {[%emt 0:00:31]} 9. Be2 {[%emt 0:07:11]} O-O {[%emt 0:00:39]} 10. O-O {[%emt 0:06:13]} a6 {[%emt 0:01:09]} 11. e4 {[%emt 0:04:36]} Bxf3 {[%emt 0:00:52]} 12. Bxf3 {[%emt 0:07:27]} Nxd4 {[%emt 0:00:30]} 13. Be3 {[%emt 0:00:30]} Be5 {[%emt 0:01:27]} 14. Bg4 {[%emt 0:06:03]} Nc6 {[%emt 0:04:29]} 15. Qf3 {[%emt 0:21:45]} Bxc3 {[%emt 0:01:14]} 16. bxc3 {[%emt 0:00:13]} Ne5 {[%emt 0:00:12]} 17. Qf4 {[%emt 0:05:18]} Ng6 {[%emt 0:00:26]} 18. Qf3 {[%emt 0:02:09]} Qd6 {[%emt 0:06:40]} 19. Bg5 {[%emt 0:03:34]} Nxg4 {[%emt 0:04:32]} 20. Qxg4 {[%emt 0:00:19]} Qc6 {[%emt 0:01:53]} 21. h4 {[%emt 0:02:59]} f6 {[%emt 0:04:14]} 22. Be3 {[%emt 0:01:33]} Ne5 {[%emt 0:01:23]} 23. Qf4 {[%emt 0:01:32]} Rad8 {[%emt 0:00:33]} 24. h5 {[%emt 0:00:54]} b6 {[%emt 0:00:47]} 25. Rad1 {[%emt 0:02:37]} h6 {[%emt 0:02:57]} 26. Qg3 {[%emt 0:09:36]} Nf7 {[%emt 0:00:55]} 27. Qg4 {[%emt 0:00:45]} e5 {[%emt 0:00:17]} 28. c4 {[%emt 0:01:06]} Qb7 {[%emt 0:04:55]} 29. Rd5 {[%emt 0:02:38]} Qc8 {[%emt 0:00:46]} 30. Qg6 {[%emt 0:01:16]} Rxd5 {[%emt 0:03:59]} 31. cxd5 {[%emt 0:00:08]} Qd7 {[%emt 0:00:11]} 32. Rc1 {[%emt 0:00:19]} a5 {[%emt 0:02:40]} 33. Rc6 {[%emt 0:00:58]} Nd8 {[%emt 0:00:14]} 34. Rc4 {[%emt 0:00:54]} f5 {[%emt 0:02:32]} 35. exf5 {[%emt 0:00:55]} Rf6 {[%emt 0:00:10]} 36. Qg3 {[%emt 0:01:50]} Nf7 {[%emt 0:00:06]} 37. Rg4 {[%emt 0:00:42]} Nd6 {[%emt 0:01:31]} 38. Qxe5 {[%emt 0:01:29]} Rxf5 {[%emt 0:00:06]} 39. Qe6+ {[%emt 0:02:19]} Qxe6 {[%emt 0:00:34]} 40. dxe6 {[%emt 0:00:05]} Rxh5 {[%emt 0:00:30]} 41. Bf4 {[%emt 0:01:32]} Ne8 {[%emt 0:01:59]} 42. a4 {[%emt 0:00:40]} Kf8 {[%emt 0:00:15]} 43. Rg3 {[%emt 0:00:36]} Rf5 {[%emt 0:01:50]} 44. Rg4 {[%emt 0:00:31]} h5 {[%emt 0:00:59]} 0-1

[Event "3rd Vergani Cup 2018"]
[Site "Montebelluna"]
[Date "2019.01.02"]
[Round "?"]
[White "Gallana, Marco"]
[Black "Loiacono, Leonardo"]
[Result "1/2-1/2"]
[WhiteElo "2247"]
[BlackElo "2300"]
[PlyCount "60"]
[EventDate "2018.12.27"]
[EventType "swiss"]
[EventCountry "ITA"]
[TimeControl "5400+30"]
[WhiteClock "0:14:51"]
[BlackClock "0:16:58"]

1. Nf3 {[%emt 0:00:00]} d5 {[%emt 0:01:02]} 2. d4 {[%emt 0:00:18]} Nf6 {[%emt 0:00:05]} 3. c4 {[%emt 0:00:16]} c6 {[%emt 0:00:04]} 4. e3 {[%emt 0:00:28]} Bg4 {[%emt 0:00:25]} 5. Nc3 {[%emt 0:00:26]} e6 {[%emt 0:00:37]} 6. Qb3 {[%emt 0:02:13]} Qb6 {[%emt 0:00:21]} 7. h3 {[%emt 0:00:44]} Bh5 {[%emt 0:00:44]} 8. Nh4 {[%emt 0:01:13]} Qxb3 {[%emt 0:00:53]} 9. axb3 {[%emt 0:00:15]} Na6 {[%emt 0:00:05]} 10. g4 {[%emt 0:13:02]} Nb4 {[%emt 0:00:27]} 11. Kd1 {[%emt 0:00:19]} Bg6 {[%emt 0:00:49]} 12. Nxg6 {[%emt 0:00:58]} hxg6 {[%emt 0:00:15]} 13. Be2 {[%emt 0:00:23]} g5 {[%emt 0:18:30]} 14. Bd2 {[%emt 0:00:49]} Be7 {[%emt 0:14:18]} 15. Ra4 {[%emt 0:10:34]} Kd7 {[%emt 0:06:48]} 16. f3 {[%emt 0:04:34]} Kc7 {[%emt 0:07:48]} 17. Be1 {[%emt 0:21:36]} a5 {[%emt 0:04:59]} 18. Na2 {[%emt 0:04:27]} Nxa2 {[%emt 0:03:03]} 19. Rxa2 {[%emt 0:00:07]} b6 {[%emt 0:00:19]} 20. Kc2 {[%emt 0:01:43]} dxc4 {[%emt 0:02:27]} 21. bxc4 {[%emt 0:00:26]} c5 {[%emt 0:00:31]} 22. Ra1 {[%emt 0:00:21]} Nd7 {[%emt 0:05:39]} 23. Rd1 {[%emt 0:02:54]} Bd6 {[%emt 0:03:59]} 24. Bf2 {[%emt 0:01:47]} cxd4 {[%emt 0:07:08]} 25. exd4 {[%emt 0:01:42]} Bf4 {[%emt 0:00:24]} 26. h4 {[%emt 0:07:47]} gxh4 {[%emt 0:00:12]} 27. Bxh4 {[%emt 0:00:13]} g5 {[%emt 0:00:04]} 28. Bf2 {[%emt 0:00:14]} e5 {[%emt 0:04:08]} 29. Bd3 {[%emt 0:02:58]} exd4 {[%emt 0:01:28]} 30. Be4 {[%emt 0:05:15]} Rad8 {[%emt 0:02:37]} 1/2-1/2

[Event "3rd Vergani Cup 2018"]
[Site "Montebelluna"]
[Date "2019.01.02"]
[Round "?"]
[White "Can, Melih Kaan"]
[Black "Alok Sinha"]
[Result "0-1"]
[WhiteElo "2225"]
[BlackElo "2187"]
[PlyCount "44"]
[EventDate "2018.12.27"]
[EventType "swiss"]
[EventCountry "ITA"]
[TimeControl "5400+30"]
[WhiteClock "1:02:03"]
[BlackClock "0:31:39"]

1. e4 {[%emt 0:11:05]} c5 {[%emt 0:00:00]} 2. Nf3 {[%emt 0:00:04]} d6 {[%emt 0:00:00]} 3. c3 {[%emt 0:00:03]} Nf6 {[%emt 0:00:00]} 4. h3 {[%emt 0:00:06]} Nc6 {[%emt 0:01:42]} 5. Bd3 {[%emt 0:00:09]} e5 {[%emt 0:02:05]} 6. Bc2 {[%emt 0:00:06]} Be7 {[%emt 0:06:46]} 7. O-O {[%emt 0:01:02]} g5 {[%emt 0:04:04]} 8. Nxg5 {[%emt 0:25:03]} Rg8 {[%emt 0:00:45]} 9. d4 {[%emt 0:00:08]} h6 {[%emt 0:07:27]} 10. Nxf7 {[%emt 0:03:02]} Qd7 {[%emt 0:09:00]} 11. Nxh6 {[%emt 0:19:20]} Rxg2+ {[%emt 0:02:19]} 12. Kxg2 {[%emt 0:00:19]} Qxh3+ {[%emt 0:00:05]} 13. Kg1 {[%emt 0:00:05]} Ng4 {[%emt 0:01:01]} 14. Nxg4 {[%emt 0:00:16]} Bxg4 {[%emt 0:00:06]} 15. f3 {[%emt 0:01:58]} Qg3+ {[%emt 0:00:43]} 16. Kh1 {[%emt 0:00:02]} O-O-O {[%emt 0:01:06]} 17. Bh6 {[%emt 0:00:27]} Rh8 {[%emt 0:01:06]} 18. Qd2 {[%emt 0:01:08]} Bxf3+ {[%emt 0:00:14]} 19. Rxf3 {[%emt 0:00:10]} Qxf3+ {[%emt 0:00:03]} 20. Qg2 {[%emt 0:03:32]} Rxh6+ {[%emt 0:00:07]} 21. Kg1 {[%emt 0:00:05]} Qe3+ {[%emt 0:00:05]} 22. Qf2 {[%emt 0:01:11]} Rh1+ {[%emt 0:00:13]} 0-1

[Event "3rd Vergani Cup 2018"]
[Site "Montebelluna"]
[Date "2019.01.02"]
[Round "?"]
[White "Can, Melih Kaan"]
[Black "Velten, Paul"]
[Result "1-0"]
[WhiteElo "2225"]
[BlackElo "2485"]
[Annotator "TA"]
[PlyCount "83"]
[EventDate "2018.12.27"]
[EventType "swiss"]
[EventCountry "ITA"]

{[%evp 22,83,0,-19,0,-11,-10,-21,-14,-37,-20,-60,-62,-63,-16,-49,-5,-79,0,0,0,0,0,10,150,150,202,141,135,141,145,145,139,139,145,43,145,143,216,213,225,209,215,224,199,215,201,204,200,190,193,197,264,277,431,407,471,413,507,502,697,606,909,881]} 1. c4 Nf6 {[%cal Bg8f6,Bf6d5,Bd5b4,Bb4d3][%mdl 32]} 2. Nf3 c5 3. Nc3 d5 4. cxd5 Nxd5 5. e4 Nb4 6. Bc4 Nd3+ 7. Ke2 Nf4+ {A34: Symmetrical English: 2 Nc3, lines with ...d5} 8. Kf1 Nd3 9. Qe2 Nxc1 10. Rxc1 a6 11. h4 e6 12. e5 {LiveBook: 6 Games} Nc6 13. Ne4 $146 ({Predecessor:} 13. Rh3 b5 14. Bd3 Bb7 15. Be4 {½-½ (37) Aronian,L (2785)-So,W (2794) London 2016}) 13... b6 14. Qe3 Bb7 15. Qf4 Qd7 16. Rh3 h6 {[%cal Bh7h6,Bh6h5][%mdl 32]} 17. Kg1 Rd8 18. Qg4 Nd4 19. Re1 (19. Nxd4 $11 {keeps the balance.} Qxd4 {[%mdl 64] Double Attack} 20. Re1) 19... b5 (19... Nf5 $17) 20. Nxd4 $11 h5 $1 {[%cal Rh5g4]} 21. Qg5 bxc4 22. Nf3 {Black should prevent Nd6+!} Rh7 (22... Bxe4 $1 $11 23. Rxe4 Qb7 24. Rxc4 Qxb2) 23. Qf4 $16 {Black must now prevent Nfg5.} Rh6 (23... Bxe4 $16 24. Qxe4 g6) 24. Nfg5 {Threatens to win with Rf3.} Qc7 25. Rf3 {[%cal Rg5f7]} Rd7 26. b3 cxb3 27. axb3 Rg6 28. d4 ({White should try} 28. Rc1 $16) 28... cxd4 (28... Rxd4 $14 29. Nd6+ (29. Nxf7 $2 Rxe4 30. Rxe4 Rg4 $19) 29... Bxd6 30. exd6 Rxf4 31. dxc7 Rxf3 32. Nxf3 e5) 29. Rc1 Qb8 (29... Bc6 $16 {is a better defense.}) 30. Nxf7 $18 Rg4 31. Nfd6+ Bxd6 32. Nxd6+ $40 {[%mdl 128] White has strong attack.} Qxd6 33. exd6 {[%csl Gf3][%cal Rf4f8] [#]} Rxf4 34. Rxf4 Rxd6 {[%mdl 4096] Endgame KRR-KRB} 35. Rd1 e5 36. Rf5 $1 {[%csl LRe5,LRh5][%mdl 64] [#] Double Attack} Re6 (36... e4 {was called for.} 37. Rxh5 d3) 37. f4 e4 (37... exf4 {was necessary.} 38. Rxf4 (38. Rxd4 f3 $18) 38... Bd5) 38. Rxd4 Ke7 39. Rxh5 Kf6 40. g4 {White is clearly winning.} Rb6 41. b4 Rc6 42. Rc5 {Accuracy: White = 65%, Black = 35%.} 1-0

[Event "3rd Vergani Cup 2018"]
[Site "Montebelluna"]
[Date "2019.01.02"]
[Round "?"]
[White "Hill, Alistair"]
[Black "Prithu Gupta"]
[Result "0-1"]
[WhiteElo "2219"]
[BlackElo "2462"]
[Annotator "TA"]
[PlyCount "72"]
[EventDate "2018.12.27"]
[EventType "swiss"]
[EventCountry "ITA"]

{[%evp 13,72,37,31,24,24,18,39,30,30,18,18,8,16,16,16,15,10,-33,-33,-55,-54,-56,-46,-51,-43,-46,-35,-50,-49,-45,-46,-39,-37,-36,-49,-52,0,-70,-54,-52,-52,-63,-53,-213,-213,-222,-190,-639,-631,-629,-621,-765,-758,-706,-697,-1176,-1176,-29991,-29992,-29992,-29993]} 1. c4 e5 2. Nc3 Bb4 3. g3 Nf6 4. Bg2 O-O 5. Nf3 Qe7 6. O-O Bxc3 7. bxc3 d6 8. Rb1 {A22: English Opening: 1...e5 2 Nc3 Nf6} e4 $146 ({Predecessor:} 8... h6 9. d3 Na6 10. Ne1 Rb8 11. Nc2 Nc5 12. e4 Bd7 13. Ne3 a6 14. f4 exf4 15. gxf4 b5 {0-1 (40) Urday Caceres,H (2480)-Rivas Pastor,M (2520) Mesa 1992}) 9. Nd4 c5 10. Nc2 {White is slightly better.} b6 11. d3 Bb7 12. f3 exd3 13. exd3 d5 14. Re1 Qd8 15. f4 Bc6 16. Ne3 dxc4 $1 17. Nxc4 Bxg2 18. Kxg2 Nc6 19. Qf3 Qd7 20. Bb2 Rad8 21. Rbd1 Rfe8 22. Ne5 Nxe5 23. fxe5 Nd5 24. d4 c4 (24... cxd4 $15 25. cxd4 Rc8) 25. Re2 (25. Ba3 $11) 25... b5 26. Ba3 a5 27. Bd6 Qe6 28. Rb2 $2 {[#]} (28. Rf2 $15) 28... b4 $1 $19 {[%mdl 512]} 29. cxb4 c3 {[%cal Bc4c3,Bc3c2][%mdl 32]} ({Less strong is} 29... axb4 30. Kg1 $15) 30. Rb3 $2 (30. Rf2 Rxd6 31. exd6 Ne3+ {[%mdl 64] Double Attack} 32. Kg1 Nxd1 33. Qxd1 axb4 34. Qb3) 30... Rxd6 31. exd6 Ne3+ {[%mdl 64] Double Attack} 32. Kf2 Nxd1+ 33. Qxd1 axb4 34. Rxb4 {White hopes to continue with d7!} c2 35. Qc1 Qe2+ 36. Kg1 Qd1+ {Accuracy: White = 37%, Black = 85%.} 0-1

[Event "3rd Vergani Cup 2018"]
[Site "Montebelluna"]
[Date "2019.01.02"]
[Round "?"]
[White "Alok Sinha"]
[Black "Sadhwani, Raunak"]
[Result "0-1"]
[WhiteElo "2187"]
[BlackElo "2434"]
[Annotator "TA"]
[PlyCount "64"]
[EventDate "2018.12.27"]
[EventType "swiss"]
[EventCountry "ITA"]

{[%evp 9,64,-10,0,-18,-19,-14,-24,-22,-20,-29,0,0,30,-19,-22,-60,-45,-47,-24,-40,-13,-14,-3,-31,6,-40,-18,-176,-174,-171,-128,-144,-132,-136,-108,-109,-75,-198,-197,-188,-189,-179,-170,-408,-374,-420,-420,-477,-459,-452,-454,-479,-473,-496,-453,-508,-498]} 1. Nf3 d5 2. b3 a5 (2... Bg4 3. Bb2 Bxf3 4. exf3 e6 5. g3 Nf6 6. Bg2 Be7 7. O-O O-O 8. d3 c6 9. Nd2 Nbd7 10. f4 a5 11. a3 Ne8 12. Nf3 Rc8 {1-0 (66) Nakamura,H (2763)-Vidit,S (2711) chess.com INT 2018}) 3. c4 d4 $146 ({Predecessor:} 3... dxc4 4. bxc4 e5 5. Nc3 Nc6 6. g3 Bb4 7. Qc2 Bg4 8. Bg2 Nf6 9. a3 Bc5 10. O-O {1-0 (31) Romanov,E (2644)-Christiansen,J (2432) Lienz 2017}) 4. e3 c5 5. exd4 cxd4 6. g3 {A06: Réti Opening:1 Nf3 d5} Nc6 7. Bg2 e5 8. O-O {Black has an edge.} Bd6 9. d3 Nge7 10. Na3 O-O 11. Nc2 Bg4 12. Bb2 f5 13. Qd2 Qb6 14. Rab1 Rad8 15. a3 Qc7 $36 {[%mdl 2048] Black has the initiative.} 16. b4 {[#] And now c5 would win.} b6 {[%cal Bb7b6,Bb6c5][%mdl 32]} 17. Rfe1 h6 18. c5 $2 (18. h3 $11 {and White has nothing to worry.} Bh5 19. b5 Bxf3 20. Bxf3) 18... bxc5 $19 19. b5 Bxf3 20. Bxf3 e4 $1 {[%cal Re4f3]} 21. dxe4 Ne5 {[%cal Bc6e5,Be5c4,Bc4b2][%mdl 32]} 22. Bg2 {[#]} f4 $1 23. gxf4 (23. b6 $17 {was necessary.} Qxb6 24. Bxd4) 23... Nc4 $1 {[%csl LRd2,LRf4]} 24. Qe2 Nxb2 25. e5 d3 {[%mdl 64] Double Attack} 26. exd6 $2 (26. Qe4 {was called for.} d2 27. Rxb2 dxe1=N 28. Nxe1) 26... Qxd6 (26... dxe2 $2 {loses.} 27. dxc7 Rd7 28. Rxb2 $18) 27. Qe3 Nf5 (27... dxc2 28. Rxb2 Qd2 29. Qxe7 $17) 28. Qe4 d2 {Black is clearly winning.} (28... dxc2 29. Qxc2 Nd3 30. Rbd1 $19) 29. Rxb2 {Strongly threatening Rd1.} dxe1=Q+ ({Not} 29... dxe1=R+ 30. Nxe1 Nd4 31. Nd3 $19) ({Less strong is} 29... dxe1=B 30. Nxe1 Nd4 31. Nd3 $19) 30. Qxe1 Rfe8 31. Ne3 Qxf4 32. Re2 Nd4 {Accuracy: White = 33%, Black = 60%.} 0-1

[Event "3rd Vergani Cup 2018"]
[Site "Montebelluna"]
[Date "2019.01.02"]
[Round "?"]
[White "Alok Sinha"]
[Black "Orfini, Nicolo`"]
[Result "1/2-1/2"]
[WhiteElo "2187"]
[BlackElo "2156"]
[PlyCount "40"]
[EventDate "2018.12.27"]
[EventType "swiss"]
[EventCountry "ITA"]
[TimeControl "5400+30"]
[WhiteClock "1:07:30"]
[BlackClock "0:48:05"]

1. Nf3 {[%emt 0:00:00]} d6 {[%emt 0:09:55]} 2. d4 {[%emt 0:01:08]} Nf6 {[%emt 0:00:17]} 3. Nc3 {[%emt 0:00:24]} Nbd7 {[%emt 0:00:33]} 4. e4 {[%emt 0:00:06]} e5 {[%emt 0:00:05]} 5. Bc4 {[%emt 0:00:14]} Be7 {[%emt 0:00:04]} 6. O-O {[%emt 0:00:09]} O-O {[%emt 0:00:04]} 7. Re1 {[%emt 0:00:18]} Nb6 {[%emt 0:01:08]} 8. Bf1 {[%emt 0:01:58]} exd4 {[%emt 0:00:46]} 9. Nxd4 {[%emt 0:02:03]} Nfd7 {[%emt 0:00:21]} 10. Nd5 {[%emt 0:05:23]} Nxd5 {[%emt 0:01:04]} 11. exd5 {[%emt 0:00:03]} Bf6 {[%emt 0:00:15]} 12. g3 {[%emt 0:03:34]} Ne5 {[%emt 0:07:21]} 13. Bg2 {[%emt 0:04:43]} Bg4 {[%emt 0:01:15]} 14. f3 {[%emt 0:01:04]} Bd7 {[%emt 0:00:15]} 15. f4 {[%emt 0:04:26]} Bg4 {[%emt 0:00:32]} 16. Qd2 {[%emt 0:00:20]} Nc4 {[%emt 0:01:04]} 17. Qd3 {[%emt 0:01:06]} Nb6 {[%emt 0:00:15]} 18. h3 {[%emt 0:04:48]} Bd7 {[%emt 0:00:09]} 19. Kh2 {[%emt 0:09:57]} Qc8 {[%emt 0:02:40]} 20. c4 {[%emt 0:10:11]} Na4 {[%emt 0:04:27]} 1/2-1/2